[Event "XXXIV Festival Conca della Presolana Open A"]
[Site "Bratto - Castione della Presolana ITA"]
[Date "2014.08.24"]
[Round "2"]
[White "Raselli, Claudio"]
[Black "Iasman, Inna"]
[WhiteElo "1867"]
[BlackElo "1945"]
[Result "0-1"]
[PlyCount "128"]
[EventDate "2014.08.23"]

1. Nf3 d5 2. g3 Nf6 3. Bg2 c6 4. O-O Bf5 5. d3 e6 6. b3 Bd6 7. Bb2 Nbd7 8. c4
O-O 9. Nh4 Bg4 10. h3 Bh5 11. Qc2 Qe7 12. e4 dxe4 13. dxe4 Bg6 14. Nxg6 hxg6
15. Nd2 Ba3 16. e5 Bxb2 17. Qxb2 Nh5 18. Ne4 Rad8 19. Rad1 f6 20. exf6 gxf6 21.
Qe2 f5 22. Nc3 e5 23. Bf3 Ndf6 24. Bxh5 Nxh5 25. Rxd8 Rxd8 26. Rd1 Rxd1+ 27.
Qxd1 Kg7 28. Kg2 Nf6 29. Qd2 a5 30. Qd3 Nd7 31. Na4 Kf6 32. Qd2 b5 33. cxb5
cxb5 34. Nc3 Qe6 35. Qd5 b4 36. Qxe6+ Kxe6 37. Ne2 Nc5 38. Kf1 Kd5 39. f3 a4
40. bxa4 Nxa4 41. Ke1 Nc5 42. Kd2 Ne6 43. Kd3 Ng5 44. Ng1 e4+ 45. fxe4+ Nxe4
46. Ne2 Nf2+ 47. Kc2 Nxh3 48. Kb3 Kc5 49. Nf4 Nxf4 50. gxf4 Kb5 51. Kc2 Ka4 52.
Kb2 Ka5 53. Kb3 Kb5 54. Kc2 Kc4 55. Kb2 Kd4 56. Kb3 Ke4 57. Kxb4 Kxf4 58. a4
Ke5 59. Kc5 f4 60. a5 f3 61. a6 f2 62. a7 f1=Q 63. a8=Q Qf2+ 64. Kb5 Qb2+ 0-1

[Event "XXXIV Festival Conca della Presolana Open A"]
[Site "Bratto - Castione della Presolana ITA"]
[Date "2014.08.24"]
[Round "2"]
[White "Rizzi, Volfango"]
[Black "Cerutti, Fabio Maria"]
[WhiteElo "1850"]
[BlackElo "1761"]
[Result "0-1"]
[PlyCount "106"]
[EventDate "2014.08.23"]

1. e4 c5 2. Nf3 Nc6 3. Bb5 e6 4. O-O Nge7 5. c3 a6 6. Bxc6 Nxc6 7. d4 cxd4 8.
cxd4 Bb4 9. d5 exd5 10. exd5 Ne7 11. Qd4 Ba5 12. Qxg7 Rg8 13. Qxh7 d6 14. Ng5
Rf8 15. Nc3 Bxc3 16. bxc3 Nxd5 17. Re1+ Ne7 18. Ba3 Qa5 19. Bxd6 Qxg5 20. Rxe7+
Qxe7 21. Bxe7 Kxe7 22. Re1+ Be6 23. f4 Kd7 24. Qd3+ Kc7 25. f5 Bd7 26. Re7 Rad8
27. Qc4+ Kb8 28. Qf4+ Ka8 29. h4 Bc6 30. g4 Rd1+ 31. Kf2 Rfd8 32. g5 Rh1 33.
Rxf7 Rdd1 34. Rf8+ Ka7 35. Qe3+ b6 36. Rf7+ Ka8 37. Qxb6 Rhf1+ 38. Ke3 Rfe1+
39. Kf4 Re4+ 40. Kg3 Rd3+ 41. Kf2 Rd2+ 42. Kf3 Rd3+ 43. Kf2 Rd2+ 44. Kf1 Bb5+
45. Qxb5 axb5 46. g6 Rxh4 47. Kg1 Rg4+ 48. Kf1 b4 49. cxb4 Rxb4 50. Re7 Rb1+
51. Re1 Rxe1+ 52. Kxe1 Rg2 53. Kd1 Rg5 0-1

[Event "XXXIV Festival Conca della Presolana Open A"]
[Site "Bratto - Castione della Presolana ITA"]
[Date "2014.08.24"]
[Round "2"]
[White "Romagnoli, Thomas"]
[Black "Boccalatte, Piero"]
[WhiteElo "1708"]
[BlackElo "1924"]
[Result "1-0"]
[PlyCount "87"]
[EventDate "2014.08.23"]

1. e4 c6 2. d4 d5 3. Nd2 dxe4 4. Nxe4 Nd7 5. Nf3 Ngf6 6. Nxf6+ Nxf6 7. Bc4 e6
8. O-O Be7 9. c3 O-O 10. Bf4 Nd5 11. Be3 Qc7 12. Qc2 b6 13. Bd3 h6 14. Qd2 f5
15. Qe2 Bd6 16. Rae1 Bd7 17. Bd2 Rae8 18. Ne5 b5 19. Qh5 Rf6 20. h3 Ref8 21.
Qf3 Ne7 22. Nxd7 Qxd7 23. Bf4 Bxf4 24. Qxf4 Ng6 25. Qg3 Rd8 26. Bc2 a5 27. a4
Qd5 28. axb5 cxb5 29. f4 Kh7 30. Re2 a4 31. Rfe1 Nf8 32. Re5 Qb7 33. Bd3 Rg6
34. Qf2 b4 35. Rb5 Qa6 36. Rb8 Qa5 37. Rxb4 a3 38. Ra1 a2 39. Bc4 Qa8 40. Rxa2
Qe4 41. Ra1 Rd6 42. Bb3 Qc6 43. Re1 Nd7 44. Bc4 1-0

[Event "XXXIV Festival Conca della Presolana Open A"]
[Site "Bratto - Castione della Presolana ITA"]
[Date "2014.08.24"]
[Round "2"]
[White "Rossini, Fulvio"]
[Black "Saracco, Marco"]
[WhiteElo "1930"]
[BlackElo "1840"]
[Result "1-0"]
[PlyCount "59"]
[EventDate "2014.08.23"]

1. e4 e6 2. d3 d5 3. Nd2 c5 4. g3 Nc6 5. Bg2 Nf6 6. Ngf3 Be7 7. O-O O-O 8. h3
b6 9. Nh2 Bb7 10. f4 Qc7 11. e5 Nd7 12. Re1 Rae8 13. Ndf3 f6 14. Ng4 f5 15. Nf2
g6 16. c3 a6 17. g4 Kh8 18. g5 Rf7 19. h4 Rg8 20. h5 Nf8 21. Nh4 h6 22. Nh3 Rh7
23. Bf3 hxg5 24. Nxg5 Bxg5 25. fxg5 Nxe5 26. Bf4 Nxf3+ 27. Qxf3 Qe7 28. Be5+
Rgg7 29. Bf6 Qf7 30. h6 1-0

[Event "XXXIV Festival Conca della Presolana Open A"]
[Site "Bratto - Castione della Presolana ITA"]
[Date "2014.08.25"]
[Round "3"]
[White "Bex, Lennert"]
[Black "Dubois, Martine"]
[WhiteElo "1882"]
[BlackElo "2003"]
[Result "0-1"]
[PlyCount "98"]
[EventDate "2014.08.23"]

1. c4 e5 2. Nc3 Nf6 3. g3 Nc6 4. Bg2 Bc5 5. e3 d5 6. cxd5 Nb4 7. d3 Nbxd5 8.
Nxd5 Nxd5 9. Qa4+ c6 10. Bd2 O-O 11. Ne2 a5 12. a3 Be6 13. O-O Qe7 14. Rfc1 Nb6
15. Qc2 Bd6 16. d4 a4 17. dxe5 Bxe5 18. Bb4 Bd6 19. Bxd6 Qxd6 20. Nd4 Rfd8 21.
Rd1 Bg4 22. Rdc1 Nd5 23. h3 Bh5 24. Nf5 Qf6 25. e4 Ne7 26. Nxe7+ Qxe7 27. f4 f6
28. b3 Rd4 29. Qc3 Rad8 30. f5 Bf7 31. bxa4 Qe5 32. Qe3 Rd3 33. Qe1 Rd2 34.
Rab1 Qd4+ 35. Kh1 Qxa4 36. Bf3 Qxa3 37. Qf1 Qd6 38. Qg1 Qd3 39. Qf1 Qd6 40. Qg1
Qa3 41. Qf1 R8d3 42. Bg2 Qd6 43. Qg1 Rxg3 44. Qh2 Rdxg2 45. Qxg2 Rxg2 46. Kxg2
Qd2+ 47. Kf3 Qd3+ 48. Kf4 g5+ 49. fxg6 hxg6 0-1

[Event "XXXIV Festival Conca della Presolana Open A"]
[Site "Bratto - Castione della Presolana ITA"]
[Date "2014.08.25"]
[Round "3"]
[White "Boccalatte, Piero"]
[Black "Gennaro, Isabella"]
[WhiteElo "1924"]
[BlackElo "1819"]
[Result "1/2-1/2"]
[PlyCount "76"]
[EventDate "2014.08.23"]

1. d4 d5 2. c4 e6 3. Nc3 c5 4. e3 Nf6 5. Nf3 Nc6 6. Be2 a6 7. O-O Bd6 8. b3 O-O
9. Bb2 b6 10. Rc1 Bb7 11. h3 dxc4 12. dxc5 Bxc5 13. Bxc4 b5 14. Be2 Qe7 15. Rc2
Rfd8 16. Qc1 Bb6 17. Rd1 Rxd1+ 18. Qxd1 Rd8 19. Rd2 Rxd2 20. Qxd2 Ba5 21. Qd1
Qc5 22. Qa1 Nb4 23. Ne1 Qf5 24. Qd1 Bb6 25. Qd6 Qc5 26. Qb8+ Qc8 27. Qxc8+ Bxc8
28. Bf3 Nbd5 29. Nd3 Ba5 30. Nxd5 Nxd5 31. Bxd5 exd5 32. Nf4 Bb7 33. Bd4 Bc7
34. Nd3 a5 35. a3 f6 36. b4 a4 37. f4 Kf7 38. Kf2 Bc6 1/2-1/2

[Event "XXXIV Festival Conca della Presolana Open A"]
[Site "Bratto - Castione della Presolana ITA"]
[Date "2014.08.25"]
[Round "3"]
[White "Cerutti, Fabio Maria"]
[Black "Mortola, Alberto"]
[WhiteElo "1761"]
[BlackElo "1949"]
[Result "0-1"]
[PlyCount "110"]
[EventDate "2014.08.23"]

1. e4 e5 2. Nf3 Nc6 3. Bb5 a6 4. Bxc6 bxc6 5. Nxe5 Qe7 6. d4 d6 7. Nf3 Qxe4+ 8.
Be3 Bg4 9. Nbd2 Qf5 10. O-O Nf6 11. h3 Bxf3 12. Nxf3 Be7 13. Re1 O-O 14. Bg5
Rfe8 15. Re2 Bf8 16. Bxf6 Qxf6 17. Qe1 Re6 18. Rxe6 fxe6 19. Qe4 d5 20. Qg4 Qf5
21. Qxf5 exf5 22. Ne5 c5 23. Rd1 Bd6 24. f4 cxd4 25. Nc6 Re8 26. Kf1 Bxf4 27.
Nxd4 Bg3 28. Ne2 Be5 29. Rxd5 Bxb2 30. Rxf5 Re5 31. Rxe5 Bxe5 32. Kf2 Kf7 33.
Ke3 Ke6 34. c4 Bf6 35. Ke4 Kd6 36. Nf4 Kc5 37. Ne6+ Kxc4 38. Nxc7 a5 39. Nd5 a4
40. Nb6+ Kb4 41. Kd3 Ka3 42. Nc4+ Kxa2 43. Kc2 Be7 44. Nb6 Ka3 45. g3 Bf6 46.
Nd5 Be5 47. g4 Bf6 48. Nb6 Kb4 49. Nd5+ Kc5 50. Nf4 Kc4 51. Nd3 a3 52. Nc1 Be7
53. Na2 Kd4 54. Kd2 Ke4 55. Ke2 Bc5 0-1

[Event "XXXIV Festival Conca della Presolana Open A"]
[Site "Bratto - Castione della Presolana ITA"]
[Date "2014.08.25"]
[Round "3"]
[White "Coppola, Federico"]
[Black "Foglieni, Matteo"]
[WhiteElo "1904"]
[BlackElo "1961"]
[Result "1/2-1/2"]
[PlyCount "58"]
[EventDate "2014.08.23"]

1. Nf3 c6 2. g3 d5 3. c4 Nf6 4. Bg2 g6 5. b3 Bg7 6. Bb2 O-O 7. O-O b6 8. d3 Bb7
9. Nbd2 e6 10. Rc1 Nbd7 11. Rc2 a5 12. a3 Re8 13. Qa1 Nh5 14. Rfc1 c5 15. Bxg7
Nxg7 16. d4 Qe7 17. Qb2 e5 18. dxe5 d4 19. b4 axb4 20. axb4 Rab8 21. Rb1 Ba8
22. Qb3 Nxe5 23. bxc5 Bxf3 24. Nxf3 bxc5 25. Qxb8 Rxb8 26. Rxb8+ Ne8 27. Nxe5
Qxe5 28. Rb7 Nd6 29. Ra7 Ne4 1/2-1/2

[Event "XXXIV Festival Conca della Presolana Open A"]
[Site "Bratto - Castione della Presolana ITA"]
[Date "2014.08.25"]
[Round "3"]
[White "Franciosi, Claudio"]
[Black "Guerini, Sara"]
[WhiteElo "1727"]
[BlackElo "1766"]
[Result "0-1"]
[PlyCount "62"]
[EventDate "2014.08.23"]

1. e4 e5 2. Nf3 Nc6 3. Bb5 a6 4. Ba4 Nf6 5. O-O Be7 6. Re1 b5 7. Bb3 O-O 8. c3
d5 9. exd5 Nxd5 10. d3 Bg4 11. c4 Ndb4 12. h3 Bh5 13. g4 Bg6 14. Nxe5 Nxe5 15.
Rxe5 Bd6 16. Re3 Bc5 17. Rf3 Nxd3 18. Nc3 Re8 19. Be3 Qh4 20. Qf1 Bxe3 21. Rxe3
Rxe3 22. fxe3 Qg3+ 23. Qg2 Qxe3+ 24. Kh2 Re8 25. cxb5 axb5 26. Rf1 b4 27. Nd5
Qe5+ 28. Kg1 Be4 29. Qh2 Qd4+ 30. Rf2 Bxd5 31. Bxd5 Re1+ 0-1

[Event "XXXIV Festival Conca della Presolana Open A"]
[Site "Bratto - Castione della Presolana ITA"]
[Date "2014.08.25"]
[Round "3"]
[White "Gagliardi, Claudio"]
[Black "Saracco, Marco"]
[WhiteElo "1779"]
[BlackElo "1840"]
[Result "1/2-1/2"]
[PlyCount "70"]
[EventDate "2014.08.23"]

1. e4 e6 2. d4 d5 3. e5 c5 4. c3 Nc6 5. Nf3 Qb6 6. a3 c4 7. Nbd2 Na5 8. Be2 Bd7
9. O-O Ne7 10. Qc2 Nc8 11. Ng5 h6 12. Nh3 Be7 13. f4 g6 14. Nf2 Qc7 15. Ng4 h5
16. Nf2 Nb6 17. Nh3 O-O-O 18. Ng5 Rdf8 19. Ndf3 Ba4 20. Qb1 Nb3 21. Ra2 Qd7 22.
Be3 Kb8 23. h4 Bd8 24. Nd2 Bc7 25. Nxb3 cxb3 26. Ra1 Nc4 27. Bxc4 dxc4 28. Ne4
Bc6 29. Nf6 Qc8 30. Qd1 Bd8 31. d5 Bxf6 32. dxc6 Rd8 33. Qe2 Bxh4 34. Qxc4 Qxc6
35. Qxb3 Be7 1/2-1/2

[Event "XXXIV Festival Conca della Presolana Open A"]
[Site "Bratto - Castione della Presolana ITA"]
[Date "2014.09.13"]
[Round "3"]
[White "Girgenti, Giuseppe"]
[Black "D'Amato, Piergiorgio"]
[WhiteElo "1960"]
[BlackElo "1833"]
[Result "1-0"]
[PlyCount "65"]
[EventDate "2014.08.23"]

1. d4 Nf6 2. Nf3 e6 3. c4 d5 4. Nc3 c6 5. Bg5 dxc4 6. e4 b5 7. e5 h6 8. Bh4 g5
9. Nxg5 hxg5 10. Bxg5 Nbd7 11. exf6 Qb6 12. g3 Bb7 13. Bg2 O-O-O 14. O-O Bh6
15. Be3 c5 16. dxc5 Nxc5 17. Bxc5 Qxc5 18. Bxb7+ Kxb7 19. Qf3+ Qc6 20. Qxc6+
Kxc6 21. Rfd1 b4 22. Ne4 Rd5 23. Kf1 Rhd8 24. Ke2 Rd4 25. f3 e5 26. h4 Rh8 27.
a3 b3 28. Rh1 Rhd8 29. Rad1 Rg8 30. Rhg1 c3 31. Nxc3 Rxd1 32. Nxd1 Rd8 33. Ne3
1-0

[Event "XXXIV Festival Conca della Presolana Open A"]
[Site "Bratto - Castione della Presolana ITA"]
[Date "2014.08.25"]
[Round "3"]
[White "Guerini, Silvia jr"]
[Black "Papa, Angelo"]
[WhiteElo "1858"]
[BlackElo "1754"]
[Result "1/2-1/2"]
[PlyCount "42"]
[EventDate "2014.08.23"]

1. e4 g6 2. d4 Bg7 3. Nc3 c6 4. Nf3 d6 5. h3 Nf6 6. Be3 O-O 7. Bd3 Nbd7 8. Qd2
Qc7 9. Bh6 b5 10. Bxg7 Kxg7 11. a3 a6 12. Qe3 e5 13. dxe5 dxe5 14. O-O Re8 15.
Nh4 Nf8 16. Nf5+ gxf5 17. Qg5+ Ng6 18. exf5 h6 19. Qg3 Nh5 20. Qg4 Nf6 21. Qg3
Nh5 1/2-1/2

[Event "XXXIV Festival Conca della Presolana Open A"]
[Site "Bratto - Castione della Presolana ITA"]
[Date "2014.08.25"]
[Round "3"]
[White "Iasman, Inna"]
[Black "Romagnoli, Thomas"]
[WhiteElo "1945"]
[BlackElo "1708"]
[Result "1/2-1/2"]
[PlyCount "85"]
[EventDate "2014.08.23"]

1. d4 Nf6 2. c4 e6 3. Nf3 c5 4. d5 d6 5. Nc3 exd5 6. cxd5 a6 7. a4 Bg4 8. e4
Nbd7 9. Be2 g6 10. O-O Bg7 11. Bf4 Qe7 12. Nd2 Bxe2 13. Qxe2 Nh5 14. Be3 O-O
15. f4 Rfe8 16. g4 Bxc3 17. bxc3 Nhf6 18. Rae1 Nxe4 19. Bf2 f5 20. g5 Qf7 21.
Qd3 Nxd2 22. Qxd2 Nb6 23. a5 Qxd5 24. Qxd5+ Nxd5 25. Rd1 Nxf4 26. Rxd6 Nh3+ 27.
Kg2 Nxg5 28. Bxc5 Ne4 29. Rd5 Nxc5 30. Rxc5 Rac8 31. Rd5 Rxc3 32. Rd7 Re2+ 33.
Kg1 Rcc2 34. Rfd1 Rg2+ 35. Kh1 Rxh2+ 36. Kg1 Rhe2 37. Rxb7 Re8 38. Kf1 Rc6 39.
Rdd7 Rf6 40. Rg7+ Kf8 41. Rxh7 Kg8 42. Rbg7+ Kf8 43. Ra7 1/2-1/2

[Event "XXXIV Festival Conca della Presolana Open A"]
[Site "Bratto - Castione della Presolana ITA"]
[Date "2014.08.25"]
[Round "3"]
[White "Lavorgna, Filippo"]
[Black "Listello, Massimiliano"]
[WhiteElo "1753"]
[BlackElo "1787"]
[Result "1/2-1/2"]
[PlyCount "85"]
[EventDate "2014.08.23"]

1. Nf3 Nf6 2. c4 g6 3. g3 Bg7 4. Bg2 O-O 5. Nc3 d6 6. O-O e5 7. d3 Nc6 8. Rb1
Ne8 9. b4 h6 10. b5 Ne7 11. Ne1 c6 12. Nc2 c5 13. Ne3 f5 14. Ned5 Nf6 15. Bb2
Nfxd5 16. Nxd5 Be6 17. Nxe7+ Qxe7 18. Qa4 g5 19. Qd1 f4 20. e3 Qd7 21. Qe2 Bh3
22. f3 a6 23. a4 axb5 24. axb5 Ra2 25. Ra1 Rxb2 26. Qxb2 e4 27. Qe2 exf3 28.
Qxf3 Bxg2 29. Kxg2 Bxa1 30. Rxa1 Qg7 31. Ra7 Qb2+ 32. Kh3 fxg3 33. Qd5+ Kh8 34.
hxg3 g4+ 35. Kxg4 Rg8+ 36. Kh3 Qf2 37. Qg2 Qf5+ 38. g4 Qxd3 39. Qf3 Qxc4 40.
Qf6+ Rg7 41. Qf8+ Qg8 42. Qxd6 Qc8 43. Ra4 1/2-1/2

[Event "XXXIV Festival Conca della Presolana Open A"]
[Site "Bratto - Castione della Presolana ITA"]
[Date "2014.08.25"]
[Round "3"]
[White "Mascheroni, Maurizio"]
[Black "Dormio, Luca"]
[WhiteElo "1996"]
[BlackElo "1840"]
[Result "1-0"]
[PlyCount "61"]
[EventDate "2014.08.23"]

1. e4 e6 2. d4 d5 3. Nd2 Nf6 4. e5 Nfd7 5. Bd3 c5 6. c3 Nc6 7. Ne2 cxd4 8. cxd4
Nb6 9. O-O Bd7 10. f4 g6 11. Nf3 Nb4 12. Bb1 Bb5 13. a3 Bxe2 14. Qxe2 Nc6 15.
Kh1 h5 16. Bd3 Na5 17. Bb5+ Nc6 18. Bd2 Nd7 19. Rac1 Qb6 20. Bc3 Rc8 21. Rfd1
Be7 22. Bd3 Kd8 23. Qe1 a6 24. Rc2 Ndb8 25. Rdc1 Kd7 26. b4 Na7 27. a4 Rxc3 28.
Rxc3 Bxb4 29. Rc7+ Kd8 30. Qh4+ Ke8 31. Rc8+ 1-0

[Event "XXXIV Festival Conca della Presolana Open A"]
[Site "Bratto - Castione della Presolana ITA"]
[Date "2014.08.25"]
[Round "3"]
[White "Milanesi, Erminio"]
[Black "Oteri, Aldo"]
[WhiteElo "1794"]
[BlackElo "1752"]
[Result "0-1"]
[PlyCount "82"]
[EventDate "2014.08.23"]

1. g3 g6 2. f3 Bg7 3. Nh3 f5 4. c3 b6 5. Bg2 Bb7 6. Na3 Nf6 7. d4 O-O 8. O-O d6
9. Ng5 Qc8 10. Qb3+ d5 11. e4 h6 12. Nh3 fxe4 13. fxe4 e6 14. e5 Nh7 15. Be3
Nc6 16. Nf4 Ne7 17. g4 Ba6 18. Rf2 g5 19. Nh5 Rxf2 20. Bxf2 c6 21. Bf1 Nf8 22.
Qc2 Nfg6 23. Nf6+ Kf7 24. Bg3 Bxf6 25. Bxa6 Qxa6 26. exf6 Kxf6 27. Rf1+ Kg7 28.
Bd6 Rf8 29. Rxf8 Kxf8 30. Bxe7+ Nxe7 31. c4 Kg7 32. Qe2 Qc8 33. Qe5+ Kf7 34. h4
Ng6 35. Qg3 Nxh4 36. Qc3 Kg7 37. Qg3 Ng6 38. Qe3 Qd7 39. Nc2 e5 40. dxe5 Qxg4+
41. Kh1 Nh4 0-1

[Event "XXXIV Festival Conca della Presolana Open A"]
[Site "Bratto - Castione della Presolana ITA"]
[Date "2014.08.25"]
[Round "3"]
[White "Nunziata, Vincenzo"]
[Black "Gardi, Giuseppe"]
[WhiteElo "1911"]
[BlackElo "1965"]
[Result "1/2-1/2"]
[PlyCount "103"]
[EventDate "2014.08.23"]

1. d4 g6 2. Nf3 Bg7 3. c3 Nf6 4. Bf4 d6 5. h3 O-O 6. e3 Nfd7 7. Be2 Nc6 8. O-O
e5 9. Bh2 f5 10. Na3 Kh8 11. Rc1 e4 12. Ne1 Nf6 13. c4 a6 14. Nac2 g5 15. b4 g4
16. b5 Ne7 17. bxa6 gxh3 18. axb7 Bxb7 19. Rb1 hxg2 20. Nxg2 Bc6 21. Nb4 Bd7
22. Qd2 Ng6 23. c5 d5 24. c6 Bc8 25. Qc2 Ng4 26. Bxg4 fxg4 27. Bxc7 Qxc7 28.
Nxd5 Qf7 29. Nb4 Be6 30. a4 Bc4 31. Rfc1 Bd3 32. Nxd3 exd3 33. Qd2 Rxa4 34. c7
Ra2 35. Rb2 Rxb2 36. Qxb2 Rc8 37. Qc3 Qd7 38. Qxd3 Rxc7 39. Rxc7 Qxc7 40. Qe4
g3 41. fxg3 Qxg3 42. Kf1 Qd6 43. Qe8+ Bf8 44. Ke2 Kg7 45. Qe4 Qa6+ 46. Kf3 Qf1+
47. Kg4 Qh1 48. Kf3 Qf1+ 49. Kg4 Be7 50. Nf4 Qg1+ 51. Ng2 h5+ 52. Kxh5 1/2-1/2

[Event "XXXIV Festival Conca della Presolana Open A"]
[Site "Bratto - Castione della Presolana ITA"]
[Date "2014.08.25"]
[Round "3"]
[White "Oppici, Gabriele"]
[Black "Rossini, Fulvio"]
[WhiteElo "1963"]
[BlackElo "1930"]
[Result "0-1"]
[PlyCount "58"]
[EventDate "2014.08.23"]

1. d4 Nf6 2. Nf3 g6 3. Bf4 Bg7 4. e3 d6 5. h3 Nbd7 6. Be2 b6 7. c4 Bb7 8. Nc3
a6 9. Qc2 c5 10. O-O O-O 11. Rad1 Qc7 12. d5 Ne5 13. Bh2 Nxf3+ 14. Bxf3 Bc8 15.
Rfe1 b5 16. cxb5 axb5 17. Nxb5 Qa5 18. Nc3 Nd7 19. Ra1 Nb6 20. Rec1 Bd7 21. Qe4
Rfe8 22. Be2 Na4 23. Nxa4 Qxa4 24. Qxa4 Rxa4 25. Rc2 Rb8 26. Bd1 Rab4 27. a3
Rxb2 28. Rxb2 Bxb2 29. Ra2 Bf5 0-1

[Event "XXXIV Festival Conca della Presolana Open A"]
[Site "Bratto - Castione della Presolana ITA"]
[Date "2014.08.25"]
[Round "3"]
[White "Pirrello, Christian"]
[Black "Raselli, Claudio"]
[WhiteElo "1691"]
[BlackElo "1867"]
[Result "1-0"]
[PlyCount "73"]
[EventDate "2014.08.23"]

1. d4 d5 2. c4 e6 3. Nc3 c5 4. cxd5 exd5 5. e3 Nf6 6. Nf3 Be7 7. Be2 Nc6 8. O-O
O-O 9. a3 Ne4 10. Qc2 Nxc3 11. Qxc3 c4 12. b3 b5 13. bxc4 bxc4 14. Nd2 Bf6 15.
Bf3 Rb8 16. Nxc4 Ba6 17. Ne5 Bxe5 18. Rd1 Bxh2+ 19. Kxh2 Qd6+ 20. Kg1 Bc4 21.
e4 Rb3 22. Qc2 Qg6 23. Be3 Rfb8 24. Rdb1 Bd3 25. Qxb3 Rxb3 26. Rxb3 dxe4 27.
Rc1 h5 28. Bd1 Ne7 29. Rc7 Nd5 30. Rc8+ Kh7 31. Rbb8 Qd6 32. Bxh5 g6 33. Rh8+
Kg7 34. Bg5 Ne7 35. Rbe8 f6 36. Bh6+ Kf7 37. Rxe7+ 1-0

[Event "XXXIV Festival Conca della Presolana Open A"]
[Site "Bratto - Castione della Presolana ITA"]
[Date "2014.08.25"]
[Round "3"]
[White "Rorato, Renzo"]
[Black "Bettini, Alessandro"]
[WhiteElo "2012"]
[BlackElo "1829"]
[Result "1-0"]
[PlyCount "65"]
[EventDate "2014.08.23"]

1. Nf3 Nc6 2. d4 d5 3. c4 Bg4 4. cxd5 Bxf3 5. dxc6 Bxc6 6. Nc3 e6 7. e4 Bb4 8.
f3 Qh4+ 9. g3 Qh5 10. Be3 O-O-O 11. Bg2 Qa5 12. Qc1 Qa6 13. a3 Bxc3+ 14. Qxc3
Ne7 15. a4 b6 16. Qa3 Kd7 17. b4 Qc8 18. b5 Bb7 19. O-O Ke8 20. Rfe1 Qd7 21.
Rac1 Qd6 22. Qc3 c6 23. bxc6 Bxc6 24. a5 Bb7 25. Qc7 Qxc7 26. Rxc7 Rd7 27. Rec1
Ng6 28. axb6 axb6 29. Bf1 Kd8 30. Rxd7+ Kxd7 31. Bb5+ Kd8 32. d5 Ba8 33. d6 1-0

[Event "XXXIV Festival Conca della Presolana Open A"]
[Site "Bratto - Castione della Presolana ITA"]
[Date "2014.08.25"]
[Round "3"]
[White "Scagliotti, Guglielmo"]
[Black "Coqueraut, Jean Dominique"]
[WhiteElo "1910"]
[BlackElo "1794"]
[Result "1/2-1/2"]
[PlyCount "120"]
[EventDate "2014.08.23"]

1. e4 d6 2. d4 e5 3. dxe5 dxe5 4. Qxd8+ Kxd8 5. Bc4 f6 6. Nc3 c6 7. Be3 Bd6 8.
O-O-O Kc7 9. a3 Nd7 10. Nge2 Ne7 11. Rd2 Nb6 12. Ba2 Bg4 13. f3 Bh5 14. Rhd1
Rad8 15. Ng3 Bg6 16. Nce2 Nbc8 17. Be6 b6 18. f4 Rhf8 19. c4 c5 20. f5 Bf7 21.
Bxf7 Rxf7 22. Nc3 a6 23. Nd5+ Nxd5 24. exd5 Ne7 25. Rf1 g6 26. fxg6 hxg6 27.
Rdf2 f5 28. Ne4 f4 29. Ng5 Rf6 30. Bd2 Kd7 31. g3 Rh8 32. Ne4 Rf5 33. Nxd6 Kxd6
34. gxf4 exf4 35. Rxf4 Kd7 36. Rxf5 Nxf5 37. Bf4 Re8 38. Kd2 Re4 39. Kd3 Rd4+
40. Kc3 Re4 41. Rf2 b5 42. b3 bxc4 43. bxc4 a5 44. a4 Rd4 45. Bd2 Nd6 46. Kc2
Rxc4+ 47. Kb3 Rd4 48. Bxa5 Rxd5 49. Bb6 Kc6 50. a5 Kb5 51. Rg2 c4+ 52. Kc2 g5
53. Rd2 Rxd2+ 54. Kxd2 Nb7 55. Kc3 Nxa5 56. Bxa5 Kxa5 57. Kxc4 Kb6 58. Kd5 Kc7
59. Ke6 Kd8 60. Kf7 g4 1/2-1/2

[Event "XXXIV Festival Conca della Presolana Open A"]
[Site "Bratto - Castione della Presolana ITA"]
[Date "2014.08.25"]
[Round "3"]
[White "Villa, Claudio"]
[Black "Rizzi, Volfango"]
[WhiteElo "1796"]
[BlackElo "1850"]
[Result "1/2-1/2"]
[PlyCount "83"]
[EventDate "2014.08.23"]

1. d4 d5 2. c4 c6 3. Nf3 dxc4 4. Qc2 b5 5. a4 Bb7 6. Nbd2 Nf6 7. g3 e6 8. Bg2
Be7 9. O-O O-O 10. e3 Na6 11. Ne5 Nb4 12. Qd1 Qc7 13. Ne4 Nxe4 14. Bxe4 a6 15.
Qh5 f5 16. Bg2 c5 17. axb5 axb5 18. Rxa8 Bxa8 19. Bxa8 Rxa8 20. Qf7+ Kh8 21.
Qxe6 g6 22. dxc5 Ra6 23. c6 Nxc6 24. Nxc6 Rxc6 25. Qd5 Rc5 26. Qa8+ Qc8 27. Qa5
Rd5 28. Bd2 Bf6 29. Bc3 Kg7 30. Ra1 Qd7 31. Bxf6+ Kxf6 32. Qc3+ Kf7 33. Qh8
Rd1+ 34. Rxd1 Qxd1+ 35. Kg2 Qd5+ 36. Kg1 h5 37. Qh7+ Kf6 38. Qh8+ Kg5 39. h3
Qd1+ 40. Kg2 Qd5+ 41. Kh2 Qd2 42. Kg2 1/2-1/2

[Event "XXXIV Festival Conca della Presolana Open A"]
[Site "Bratto - Castione della Presolana ITA"]
[Date "2014.08.26"]
[Round "4"]
[White "Bettini, Alessandro"]
[Black "Dormio, Luca"]
[WhiteElo "1829"]
[BlackElo "1840"]
[Result "1-0"]
[PlyCount "39"]
[EventDate "2014.08.23"]

1. c4 Nf6 2. Nc3 e6 3. d3 d5 4. e3 c5 5. cxd5 exd5 6. Nf3 Nc6 7. Be2 Bd6 8. b3
Qe7 9. O-O Bg4 10. d4 cxd4 11. Nxd4 Qe5 12. f4 Bxe2 13. fxe5 Bxd1 14. exf6 Be5
15. Rxd1 O-O-O 16. fxg7 Bxg7 17. Nxc6 bxc6 18. Bb2 Rhe8 19. Re1 Re6 20. Na4 1-0

[Event "XXXIV Festival Conca della Presolana Open A"]
[Site "Bratto - Castione della Presolana ITA"]
[Date "2014.08.26"]
[Round "4"]
[White "Boccalatte, Piero"]
[Black "Nunziata, Vincenzo"]
[WhiteElo "1924"]
[BlackElo "1911"]
[Result "0-1"]
[PlyCount "120"]
[EventDate "2014.08.23"]

1. d4 Nf6 2. c4 e6 3. Nc3 Bb4 4. Qc2 O-O 5. Bg5 h6 6. Bh4 d5 7. e3 Nbd7 8. a3
Be7 9. Nf3 c6 10. Bd3 dxc4 11. Bxc4 c5 12. dxc5 Nxc5 13. b4 Ncd7 14. O-O Nh5
15. Bxe7 Qxe7 16. Rfd1 a6 17. Ne4 b5 18. Be2 Nhf6 19. Nd6 Nd5 20. Qc6 N7b6 21.
Ne5 Bb7 22. Nxb7 Rac8 23. Qd6 Qxb7 24. Nd3 Nc4 25. Qg3 Nc3 26. Bf3 Qc7 27. Re1
Nd2 28. Nc5 Qxg3 29. hxg3 Nxf3+ 30. gxf3 a5 31. Rec1 Ne2+ 32. Kf1 Nxc1 33. Rxc1
axb4 34. axb4 Rfd8 35. Ke2 Ra8 36. Rc2 Kh7 37. Rb2 Kg6 38. f4 Ra1 39. Nd3 Ra3
40. Ne5+ Kf6 41. Nc6 Rd7 42. Nd4 Rb7 43. Kf3 e5 44. fxe5+ Kxe5 45. Rc2 Ra4 46.
g4 g6 47. Rb2 Kd5 48. Kf4 Kc4 49. Nc6 Kc3 50. Rb1 Rc7 51. Rh1 Kd2 52. Nd4 Rxb4
53. Rxh6 Rbc4 54. Rh1 b4 55. Rb1 Rb7 56. Ke4 Rxd4+ 57. exd4 Kc2 58. Rh1 b3 59.
d5 b2 60. d6 b1=Q 0-1

[Event "XXXIV Festival Conca della Presolana Open A"]
[Site "Bratto - Castione della Presolana ITA"]
[Date "2014.08.26"]
[Round "4"]
[White "Coqueraut, Jean Dominique"]
[Black "Oppici, Gabriele"]
[WhiteElo "1794"]
[BlackElo "1963"]
[Result "0-1"]
[PlyCount "100"]
[EventDate "2014.08.23"]

1. d4 d6 2. c4 Nf6 3. Nc3 Nbd7 4. Nf3 e5 5. e4 Be7 6. d5 Nc5 7. Qc2 a5 8. a4
O-O 9. Be2 Ne8 10. Be3 Na6 11. O-O f5 12. exf5 Bxf5 13. Qd2 Nb4 14. Rac1 Nf6
15. h3 Qd7 16. Nh2 Qe8 17. Kh1 c6 18. b3 Kh8 19. g4 Bg6 20. f3 Qd7 21. Rf2 Rac8
22. Kg1 Bf7 23. dxc6 bxc6 24. Ne4 d5 25. Nxf6 gxf6 26. Bb6 Rb8 27. c5 Bd8 28.
Bxd8 Rbxd8 29. Nf1 Rg8 30. Ng3 Bg6 31. Rd1 Qe7 32. Rc1 Rge8 33. Rff1 Rf8 34. f4
e4 35. f5 Bf7 36. Qd4 Rg8 37. Kh2 Rde8 38. h4 Qe5 39. Qxe5 Rxe5 40. Rf4 Rge8
41. g5 d4 42. Bh5 Bxh5 43. Nxh5 Nd3 44. Nxf6 Nxf4 45. Nxe8 Rxe8 46. Rf1 e3 47.
f6 e2 48. f7 Rf8 49. Rxf4 e1=Q 50. Kh3 Qe6+ 0-1